<?xml version="1.0" encoding="UTF-8"?><?xml-stylesheet type="text/xsl" href="static/style.xsl"?><OAI-PMH xmlns="http://www.openarchives.org/OAI/2.0/" xmlns:xsi="http://www.w3.org/2001/XMLSchema-instance" xsi:schemaLocation="http://www.openarchives.org/OAI/2.0/ http://www.openarchives.org/OAI/2.0/OAI-PMH.xsd"><responseDate>2026-06-05T16:16:06Z</responseDate><request verb="GetRecord" identifier="oai:riuma.uma.es:10630/32112" metadataPrefix="marc">https://riuma.uma.es/rest/oai/request</request><GetRecord><record><header><identifier>oai:riuma.uma.es:10630/32112</identifier><datestamp>2026-02-03T12:29:07Z</datestamp><setSpec>com_10630_2254</setSpec><setSpec>col_10630_37959</setSpec></header><metadata><record xmlns="http://www.loc.gov/MARC21/slim" xmlns:dcterms="http://purl.org/dc/terms/" xmlns:doc="http://www.lyncode.com/xoai" xmlns:xsi="http://www.w3.org/2001/XMLSchema-instance" xsi:schemaLocation="http://www.loc.gov/MARC21/slim http://www.loc.gov/standards/marcxml/schema/MARC21slim.xsd">
   <leader>00925njm 22002777a 4500</leader>
   <datafield ind2=" " ind1=" " tag="042">
      <subfield code="a">dc</subfield>
   </datafield>
   <datafield ind2=" " ind1=" " tag="720">
      <subfield code="a">Moraga-Toledo, Sylvia</subfield>
      <subfield code="e">author</subfield>
   </datafield>
   <datafield ind2=" " ind1=" " tag="720">
      <subfield code="a">García-Ruiz, María Cristina</subfield>
      <subfield code="e">author</subfield>
   </datafield>
   <datafield ind2=" " ind1=" " tag="720">
      <subfield code="a">Lupión-Cobos, Teresa</subfield>
      <subfield code="e">author</subfield>
   </datafield>
   <datafield ind2=" " ind1=" " tag="260">
      <subfield code="c">2021</subfield>
   </datafield>
   <datafield ind2=" " ind1=" " tag="520">
      <subfield code="a">In context-based science education, the concept of curricular emphasis exhibits a particular interest to teachers, as it helps to identify what they consider science education to be. Therefore, in this work, we present a quantitative study on the curricular emphasis preferences from two educational context, Chile and Spain. Using a Likert-type questionnaire as a research instrument, we comparatively analyze the choices of 40 pre-service science teachers from Physics and Chemistry, identifying similarities and differences between both countries. The results show a clear preference for the emphasis on Science, Technology and Society, even though the contrasts of the two educational systems and the profile of the pre-service teachers.</subfield>
   </datafield>
   <datafield ind1="8" ind2=" " tag="024">
      <subfield code="a">Moraga-Toledo, S., García-Ruiz, C., y Lupión-Cobos, T. (2021). Analysis of the curricular emphasis preferences of preservice science teachers in Chile and Spain. En G. S. Carvalho, A. S. Afonso, y Z. Anastácio (eds.). Fostering scientific citizenship in an uncertain world (Proceedings of ESERA2021). Part 13 (co-ed. M. Evagorou, y R. Jiménez-Liso) (pp. 1014-1019). CIEC, University of Minho</subfield>
   </datafield>
   <datafield ind1="8" ind2=" " tag="024">
      <subfield code="a">https://hdl.handle.net/10630/32112</subfield>
   </datafield>
   <datafield tag="653" ind2=" " ind1=" ">
      <subfield code="a">Enseñanza activa</subfield>
   </datafield>
   <datafield tag="653" ind2=" " ind1=" ">
      <subfield code="a">Profesores - Formación profesional</subfield>
   </datafield>
   <datafield ind2="0" ind1="0" tag="245">
      <subfield code="a">Analysis of the curricular emphasis preferences of preservice science teachers in Chile and Spain.</subfield>
   </datafield>
</record>
</metadata></record></GetRecord></OAI-PMH>